Basics in minerals processing

Saved in:
Bibliografiske detaljer
Institution som forfatter: Metso Corporation (Author)
Format: Bog
Sprog:engelsk
Udgivet: Helsinki Metso Corporation 2011
Udgivelse:8a. ed
Fag:
Tags: Tilføj Tag
Ingen Tags, Vær først til at tagge denne postø!

MARC

LEADER 00000cam a2200000 a 4500
001 UCF0254
003 CL-VaPUC
008 120510e20110000FI |||||||||||||||||eng|d
082 0 4 |a 622  |b MET  |2 21 
110 2 |a Metso Corporation  |e author  |9 562115 
245 1 0 |a Basics in minerals processing 
250 |a 8a. ed 
300 |a pág. irreg 
942 |c BK 
945 |d 20120510 00:00:00  |a cmena 
260 |a Helsinki  |b Metso Corporation  |c 2011 
650 0 |a Minería  |9 326008 
650 0 |a Industria minera  |9 260256 
650 7 |a CHANCADO  |2 CL-VaPUC  |9 562116 
650 7 |a REFINAMIENTO  |2 CL-VaPUC  |9 562117 
650 0 |a Protección del medio ambiente  |9 257626 
650 0 |a Máquinas herramientas  |9 262583 
583 |a last modification  |c 20120928 04:46:34  |k Rodrigo Vera 
999 |c 347691  |d 347689